Statistiken für Land- und Stadtkreise mit den meisten Straftaten pro 100.000 Einwohner

Klicken Sie hier um das Quiz zu spielen!

Allgemein

  • Dieses Quiz wurde 104 mal gespielt
  • Das Durchschnittsergebnis liegt bei 7 aus 20

Antwortstatistiken

Straftaten pro 100.000 EinwohnerAntwortStadt o. Landkreis% Korrekt
13.158,17BerlinStadt
98%
9.828,51HamburgStadt
94%
10.148,24KölnStadt
89%
11.145,25BremenStadt
70%
10.712,09LeipzigStadt
69%
9.876,37MagdeburgStadt
47%
9.549,26ErfurtStadt
45%
12.622,5Frankfurt am MainStadt
41%
11.576,73Halle (Saale)Stadt
37%
10.880,00BremerhavenStadt
29%
10.364,07GeraStadt
23%
11.051,48Frankfurt an der OderStadt
19%
9.588,14FlensburgStadt
11%
10.476,41KaiserslauternStadt
11%
11.094,42NeumünsterStadt
6%
10.273,37BambergStadt
2%
11.292,64SpeyerStadt
2%
11.141,64SuhlStadt
2%
10.127,01NordfrieslandLandkreis
1%
10,613,25WilhemshavenStadt
0%

Verteilung der Resultate

Perzentil nach korrekt beantworteten Fragen

Anzahl Personen mit jedem Resultat

Ihre Resultats-Entwicklung

Sie haben dieses Quiz noch nicht gespielt